00550nam a2200193 a 4500001001300000003000900013005001700022008004100039020001000080082001500090100002200105245006100127260002500188300000900213500003500222505005700257650002000314700002200334nice12345678IN_TiNIC20260116012209.0050524s1973 usaa grp 000 0 eng  ac10000a226.4bZOD aZodhiates, Spiros aSong of the Virginb an Exposition of Luke 1: 28, 46-55. aUSAbAMG Pressc1973 a142p aincludes index and biblioraphy2 aa visit to the holy land with an open bible in hand. aGospel-St.Lukes1 aZodhiates, Spiros